Contract Cases & Materials : (Record no. 389)

MARC details
000 -LEADER
fixed length control field 00739nam a22001817a 4500
008 - FIXED-LENGTH DATA ELEMENTS--GENERAL INFORMATION
fixed length control field 110419t xxu||||| |||| 00| 0 eng d
020 ## - INTERNATIONAL STANDARD BOOK NUMBER
International Standard Book Number 0199287369
082 ## - DEWEY DECIMAL CLASSIFICATION NUMBER
Classification number 346.02 BEA
100 ## - MAIN ENTRY--PERSONAL NAME
Personal name Beale, H.G.
9 (RLIN) 1128
245 ## - TITLE STATEMENT
Title Contract Cases & Materials :
Statement of responsibility, etc Beale, H.G /
250 ## - EDITION STATEMENT
Edition statement 5th ed.
260 ## - PUBLICATION, DISTRIBUTION, ETC. (IMPRINT)
Place of publication, distribution, etc New York:
Name of publisher, distributor, etc Oxford University Press.
Date of publication, distribution, etc 2008.
300 ## - PHYSICAL DESCRIPTION
Extent IIX, 1269p.;
Dimensions 24 cm
942 ## - ADDED ENTRY ELEMENTS (KOHA)
Source of classification or shelving scheme Dewey Decimal Classification
Item type Books
Holdings
Withdrawn status Lost status Source of classification or shelving scheme Damaged status Not for loan Home library Current library Shelving location Date acquired Total Checkouts Full call number Barcode Date last seen Price effective from Koha item type
    Dewey Decimal Classification     Law Development Centre Main Library Law Development Centre Main Library Text Books and Laws 04/19/2011   346.02 BEA 203010 04/19/2011 04/19/2011 Books
    Dewey Decimal Classification     Law Development Centre Main Library Law Development Centre Main Library Text Books and Laws 04/19/2011   346.02 BEA 204010 04/19/2011 04/19/2011 Books
    Dewey Decimal Classification     Law Development Centre Main Library Law Development Centre Main Library Text Books and Laws 04/19/2011   346.02 BEA 205010 04/19/2011 04/19/2011 Books